Historias en Blanco y Negro: Piano Solo
Uloženo v:
| Hlavní autor: | |
|---|---|
| Médium: | Kniha |
| Jazyk: | angličtina |
| Vydáno: |
Tultepec
Producciones El Ave Azul
2012
|
| Témata: | |
| Tagy: |
Přidat tag
Žádné tagy, Buďte první, kdo vytvoří štítek k tomuto záznamu!
|
MARC
| LEADER | 00000nam a22000007a 4500 | ||
|---|---|---|---|
| 003 | CL-VaPUC | ||
| 005 | 20250324165429.0 | ||
| 008 | 200117b ||||| |||| 00| 0 eng d | ||
| 999 | |c 376661 |d 376659 | ||
| 040 | |c Pontificia Universidad Católica de Valparaíso | ||
| 082 | |a 786.2 MAR 2012 | ||
| 100 | 1 | |a Martínez Rodríguez, Jesús |9 608562 | |
| 245 | |a Historias en Blanco y Negro: Piano Solo | ||
| 260 | |a Tultepec |b Producciones El Ave Azul |c 2012 | ||
| 300 | |a 116 p. | ||
| 583 | |c 20200117 |k Valeria Valenzuela | ||
| 650 | 0 | 0 | |a Piano |9 331733 |
| 650 | 0 | 0 | |a Música para piano |9 306528 |
| 650 | 0 | 0 | |a Partituras |9 324008 |
| 942 | |2 ddc |c BK | ||
| 952 | |0 0 |1 0 |2 ddc |4 0 |6 786_200000000000000_MAR_2012 |7 0 |9 496344 |a BIBEDU |b BIBEDU |d 2020-01-17 |i 5615925 |o 786.2 MAR 2012 |p 5615925 |r 2023-01-12 |t 1 |w 2020-01-17 |y BK |k MUS | ||